Nacimiento y crianza de personas reales en la Corte de España (Record no. 49306)
[ view plain ]
| 000 -LEADER | |
|---|---|
| campo de control de longitud fija | 00807nam a2200229 i 4500 |
| 001 - NÚMERO DE CONTROL | |
| campo de control | 49306 |
| 003 - IDENTIFICADOR DE NÚMERO DE CONTROL | |
| campo de control | ES-MaACL |
| 005 - FECHA Y HORA DE LA ÚLTIMA TRANSACCIÓN | |
| campo de control | 20250828023458.0 |
| 007 - CAMPO FIJO DE DESCRIPCIÓN FÍSICA--INFORMACIÓN GENERAL | |
| campo de control de longitud fija | t| |
| 008 - DATOS DE LONGITUD FIJA--INFORMACIÓN GENERAL | |
| campo de control de longitud fija | 030714s1958 sp ||||1| spa d |
| 100 1# - ENTRADA PRINCIPAL--NOMBRE DE PERSONA | |
| Nombre de persona | Cortés Echanove, Luis. |
| 9 (RLIN) | 40885 |
| 245 10 - MENCIÓN DEL TÍTULO | |
| Título | Nacimiento y crianza de personas reales en la Corte de España |
| Resto del título | : 1566-1886 / |
| Mención de responsabilidad, etc. | Luis Cortés Echanove. |
| 260 ## - PUBLICACIÓN, DISTRIBUCIÓN, ETC. | |
| Lugar de publicación, distribución, etc. | Madrid : |
| Nombre del editor, distribuidor, etc. | Escuela de Historia Moderna, |
| Fecha de publicación, distribución, etc. | 1958 ( |
| Fabricante | Gráf. Montaña) |
| 300 ## - DESCRIPCIÓN FÍSICA | |
| Extensión | 385 p., 32 lám. ; |
| Dimensiones | 25 cm. |
| 586 8# - NOTA DE PREMIOS | |
| Nota de premios | Premio "Luis Vives" 1954 |
| 650 #7 - PUNTO DE ACCESO ADICIONAL DE MATERIA--TÉRMINO DE MATERIA | |
| Término de materia o nombre geográfico como elemento de entrada | Educación de príncipes |
| Fuente del encabezamiento o término | embne |
| 9 (RLIN) | 12100 |
| 650 #4 - PUNTO DE ACCESO ADICIONAL DE MATERIA--TÉRMINO DE MATERIA | |
| Término de materia o nombre geográfico como elemento de entrada | Ética política- |
| Subdivisión geográfica | España. |
| 9 (RLIN) | 151908 |
| 651 #4 - PUNTO DE ACCESO ADICIONAL DE MATERIA--NOMBRE GEOGRÁFICO | |
| Nombre geográfico | España- |
| Subdivisión general | Reyes y soberanos. |
| 9 (RLIN) | 8492 |
| 710 2# - ENTRADA AGREGADA--NOMBRE DE ENTIDAD CORPORATIVA | |
| Nombre de entidad corporativa o nombre de jurisdicción como elemento de entrada | Escuela de Historia Moderna (Madrid) |
| 9 (RLIN) | 3547 |
| 852 ## - LOCALIZACIÓN | |
| Ubicación | ES-MaACL |
| Número de control de estantería | E-5759 |
| Estatus retirado | Estado de pérdida | Estado de daño | No para préstamo | Biblioteca de origen | Biblioteca actual | Ubicación en estantería | Fecha de adquisición | Fuente de adquisición | Total de préstamos | Signatura topográfica completa | Código de barras | Visto por última vez | Precio de reemplazo | Tipo de ítem Koha |
|---|---|---|---|---|---|---|---|---|---|---|---|---|---|---|
| Biblioteca del Ateneo de Madrid | Biblioteca del Ateneo de Madrid | Depósito 2 | 17/01/2008 | E-5759 | 1051884 | 23/02/2023 | 23/02/2023 | Libro impreso |
